Alle Pokemon Attacken von Typ Gift - Statistiken

Allgemein
  • Dieses Quiz wurde 120 mal gespielt
    12 seit der letzten Aktualisierung
  • Das Durchschnittsergebnis liegt bei 16 aus 32
Antwortstatistiken
Klasse Stärke Genau. Attacke % Korrekt
status - 75 Giftpuder
100%
status - 90 Toxin
100%
physisch 15 100 Giftstachel
88%
physisch 50 100 Giftzahn
88%
physisch 80 100 Gifthieb
75%
speziell 65 100 Giftschock
75%
speziell 90 100 Matschbombe
75%
physisch 120 80 Mülltreffer
75%
speziell 95 100 Schlammwoge
75%
status - - Einrollen
63%
physisch 50 100 Giftschweif
63%
status - - Giftspitzen
63%
status - 90 Giftwolke
63%
status - - Bunker
50%
status - 100 Giftfaden
50%
physisch 70 100 Giftstreich
50%
speziell 40 100 Säure
50%
speziell 30 70 Smog
50%
status - 100 Giftfalle
38%
speziell 120 90 Rülpser
38%
speziell 40 100 Säurespeier
38%
speziell 65 100 Schlammbad
38%
speziell 50 - Klärsmog
25%
status - 100 Korrosionsgas
25%
status - 100 Magensäfte
25%
status - - Säurepanzer
25%
speziell 100 100 Giftkettung
13%
physisch 60 100 Giftstachelregen
13%
status - - Läuterung
13%
speziell 90 100 Muschelwaffe
13%
physisch 100 100 Toxiturbo
0%
physisch 80 100 Unheilsklauen
0%
Keine übereinstimmenden Quizze gefunden
Verteilung der Resultate
Anzahl Personen mit jedem Resultat
Perzentil nach korrekt beantworteten Fragen
Ihre Resultats-Entwicklung
Sie haben dieses Quiz seit der letzten Aktualisierung nicht gespielt